书目信息 |
| 题名: |
Photoshop 7.0 中文版操作与实例
|
|
| 作者: | 刘达岩 编著 | |
| 分册: | ||
| 出版信息: | 上海 上海科学普及出版社 2003.08 |
|
| 页数: | 393页 | |
| 开本: | 26cm | |
| 丛书名: | ||
| 单 册: | ||
| 中图分类: | TP391.41 | |
| 科图分类: | ||
| 主题词: | 计算机应用 | |
| 电子资源: | ||
| ISBN: | 7-5427-2543-2 | |
| 000 | 00592nam0 2200193 45 | |
| 001 | 0456689811 | |
| 005 | 2004052815444981 | |
| 010 | @a7-5427-2543-2@dCNY 48.00 | |
| 100 | @a20040528d2003 km y0chiy0120 ea | |
| 101 | 0 | @achi |
| 102 | @aCN@b310000 | |
| 200 | 1 | @aPhotoshop 7.0 中文版操作与实例@APhotoshop 7.0 zhong wen ban cao zuo yu shi li@f刘达岩编著@Fliu da yan bian zhu |
| 210 | @a上海@c上海科学普及出版社@d2003.08 | |
| 215 | @a393页@d26cm | |
| 606 | 0 | @a计算机应用 |
| 690 | 1 | @aTP391.41@v4 |
| 701 | 0 | @a刘达岩@Aliu da yan@4编著 |
| 801 | 0 | @aCN@bPFT@c20040528 |
| 905 | @a10447@dTP391.41@eL600 | |
| Photoshop 7.0 中文版操作与实例/刘达岩编著.-上海:上海科学普及出版社,2003.08 |
| 393页;26cm |
| ISBN 7-5427-2543-2:CNY 48.00 |
| ● |
| 相关链接 |
|
|
|
正题名:Photoshop 7.0 中文版操作与实例
索取号:TP391.41/L600
 
预约/预借
| 序号 | 登录号 | 条形码 | 馆藏地/架位号 | 状态 | 备注 |
| 1 | 378136 | 203781363 | 自科库301/ [索取号:TP391.41/L600] | 在馆 | |
| 2 | 378137 | 203781372 | 自科库301/301自科库 66排7列1层/ [索取号:TP391.41/L600] | 在馆 | |
| 3 | 378138 | 203781381 | 自科库301/301自科库 66排7列1层/ [索取号:TP391.41/L600] | 在馆 |